| 000 | 00826nam a2200217 a 4500 | ||
|---|---|---|---|
| 008 | 071018s1997 ||||||||||||||||| || u | ||
| 020 | _a0821338706 | ||
| 050 | _aIBRD(06)LACS/1997/6 | ||
| 100 | _aMoser, Caroline | ||
| 245 | 1 | 0 | _aUrban poverty and violence in Jamaica |
| 260 |
_aWashington, D. C. _bWorld Bank _c1997 |
||
| 300 | _aviii, 48p.: ill. | ||
| 350 | _a0.00 | ||
| 490 | _aWorld Bank Latin American and Caribbean studies | ||
| 650 | _aURBAN POOR--JAMAICA--ATTITUDES | ||
| 650 | _aCRIME--JAMAICA--PUBLIC OPINION | ||
| 650 | _aVIOLENCE--JAMAICA--PUBLIC OPINION | ||
| 650 | _aPOOR--RESEARCH--DEVELOPING COUNTRIES | ||
| 700 | _aHolland, Jeremy | ||
| 995 |
_D0.00 _FCBU-MAIN LIBRARY (Kitwe) _H1 _I0.00 _M1 _UAVAILABLE _WOct 18, 2007 _ZInternational Publications |
||
| 999 |
_c61060 _d61060 |
||